The Illustrated dictionary of machines / (Record no. 32702)
[ view plain ]
| 000 -LEADER | |
|---|---|
| fixed length control field | 01237nam a2200337 a 4500 |
| 001 - CONTROL NUMBER | |
| control field | 1152535 |
| 003 - CONTROL NUMBER IDENTIFIER | |
| control field | OSt |
| 005 - DATE AND TIME OF LATEST TRANSACTION | |
| control field | 20211102105438.0 |
| 008 - FIXED-LENGTH DATA ELEMENTS--GENERAL INFORMATION | |
| fixed length control field | 931116s1993 enka j d 000 0 eng |
| 010 ## - LIBRARY OF CONGRESS CONTROL NUMBER | |
| LC control number | 95169785 |
| 015 ## - NATIONAL BIBLIOGRAPHY NUMBER | |
| National bibliography number | GB93-65373 |
| 020 ## - INTERNATIONAL STANDARD BOOK NUMBER | |
| International Standard Book Number | 1854716212 |
| 038 ## - RECORD CONTENT LICENSOR | |
| Staff Name | khadija |
| 040 ## - CATALOGING SOURCE | |
| Original cataloging agency | DLC |
| Transcribing agency | DLC |
| 042 ## - AUTHENTICATION CODE | |
| Authentication code | lcac |
| 050 04 - LIBRARY OF CONGRESS CALL NUMBER | |
| Classification number | TJ147 |
| Item number | .I45 1995 |
| 082 00 - DEWEY DECIMAL CLASSIFICATION NUMBER | |
| Classification number | 621.803 |
| Edition number | 20 |
| Author Mark | ILL |
| 245 04 - TITLE STATEMENT | |
| Title | The Illustrated dictionary of machines / |
| Statement of responsibility, etc. | contributors, Michael Pollard, Merilyn Holme. |
| 260 ## - PUBLICATION, DISTRIBUTION, ETC. | |
| Place of publication, distribution, etc. | Chippenham, Wiltshire, UK : |
| Name of publisher, distributor, etc. | Merlion Pub., |
| Date of publication, distribution, etc. | 1993. |
| 300 ## - PHYSICAL DESCRIPTION | |
| Extent | 160 p. : |
| Other physical details | col. ill. ; |
| Dimensions | 29 cm. |
| 440 #4 - SERIES STATEMENT/ADDED ENTRY--TITLE | |
| Title | The Illustrated dictionaries of science |
| 9 (RLIN) | 83633 |
| 520 ## - SUMMARY, ETC. | |
| Summary, etc. | Includes definitions with illustrative sentences for all sorts of words used to describe machines and how they work. |
| 563 ## - BINDING INFORMATION | |
| Binding note | Hardcover |
| 650 #0 - SUBJECT ADDED ENTRY--TOPICAL TERM | |
| Topical term or geographic name entry element | Machinery |
| General subdivision | Dictionaries |
| -- | Juvenile literature. |
| 9 (RLIN) | 83634 |
| 650 #1 - SUBJECT ADDED ENTRY--TOPICAL TERM | |
| Topical term or geographic name entry element | Machinery |
| General subdivision | Dictionaries. |
| 9 (RLIN) | 83635 |
| 700 1# - ADDED ENTRY--PERSONAL NAME | |
| Personal name | Pollard, Michael, |
| Dates associated with a name | 1931- |
| 9 (RLIN) | 83636 |
| 700 1# - ADDED ENTRY--PERSONAL NAME | |
| Personal name | Holme, Merilyn. |
| 9 (RLIN) | 83637 |
| 906 ## - LOCAL DATA ELEMENT F, LDF (RLIN) | |
| a | 7 |
| b | cbc |
| c | orignew |
| d | 3 |
| e | ncip |
| f | 19 |
| g | y-gencatlg |
| 942 ## - ADDED ENTRY ELEMENTS (KOHA) | |
| Source of classification or shelving scheme | |
| Koha item type | Book |
| Withdrawn status | Lost status | Source of classification or shelving scheme | Damaged status | Not for loan | Permanent Location | Current Location | Shelving location | Date acquired | Full call number | Barcode | Date last seen | Price effective from | Koha item type |
|---|---|---|---|---|---|---|---|---|---|---|---|---|---|
| School of Mechanical & Manufacturing Engineering (SMME) | School of Mechanical & Manufacturing Engineering (SMME) | General Stacks | 10/14/2015 | 621.803 ILL | SMME-1485 | 03/29/2018 | 10/14/2015 | Book |
